Religion Quiz

Random Religion or Islam Quiz

Odd One Out: Predominant Religions Quiz Stats

Quiz Updated May 13, 2016

Challenge
Share
Tweet
Embed
Score 0/15 Timer 05:00
4 Plays Today
Hint Answer % Correct
Orthodox (II)???
77.5%
Muslim (II)???
72.3%
Buddhist ???
69.7%
Protestant (II)???
68.7%
Roman Catholic (III)???
67.5%
Roman Catholic???
66.9%
Roman Catholic (II)???
55.5%
Protestant ???
53.5%
Hint Answer % Correct
Muslim (III)???
51.6%
Muslim???
49.4%
Hindu???
40.8%
Orthodox (III)???
40.2%
Orthodox???
39.7%
Lutheran???
39.2%
Protestant (III)???
24.3%

You're not logged in!

Compare scores with friends on all Sporcle quizzes.
Sign Up with Email
OR
Log In

You Might Also Like...

Show Comments

Extras

Top Quizzes Today


Score Distribution

Your Account Isn't Verified!

In order to create a playlist on Sporcle, you need to verify the email address you used during registration. Go to your Sporcle Settings to finish the process.